Called by the Hills-A Home in the Himalaya (Record no. 3936)

MARC details
000 -LEADER
fixed length control field 00434nam a22001817a 4500
003 - CONTROL NUMBER IDENTIFIER
control field OSt
005 - DATE AND TIME OF LATEST TRANSACTION
control field 20260216155340.0
008 - FIXED-LENGTH DATA ELEMENTS--GENERAL INFORMATION
fixed length control field 260216b |||||||| |||| 00| 0 eng d
020 ## - INTERNATIONAL STANDARD BOOK NUMBER
International Standard Book Number 9789357319256
082 ## - DEWEY DECIMAL CLASSIFICATION NUMBER
Classification number 954.56
Item number ROYC
100 ## - MAIN ENTRY--PERSONAL NAME
Personal name Roy,Anuradha
245 ## - TITLE STATEMENT
Title Called by the Hills-A Home in the Himalaya
260 ## - PUBLICATION, DISTRIBUTION, ETC.
Place of publication, distribution, etc. Gurugram
Name of publisher, distributor, etc. Hachette
Date of publication, distribution, etc. 2025
300 ## - PHYSICAL DESCRIPTION
Extent 171p
546 ## - LANGUAGE NOTE
Language note English
650 ## - SUBJECT ADDED ENTRY--TOPICAL TERM
Topical term or geographic name entry element History
942 ## - ADDED ENTRY ELEMENTS (KOHA)
Source of classification or shelving scheme Dewey Decimal Classification
Koha item type Book
Holdings
Withdrawn status Lost status Source of classification or shelving scheme Damaged status Not for loan Collection code Home library Current library Shelving location Date acquired Source of acquisition Cost, normal purchase price Inventory number Total Checkouts Full call number Barcode Date due Date last seen Date last checked out Price effective from Koha item type
    Dewey Decimal Classification     Non-fiction RIC Library RIC Library General Stacks 02/16/2026 M/s Allied Informatics 999.00 14122/02.02.2026 1 954.56 ROYC 003213 04/13/2026 03/30/2026 03/30/2026 02/16/2026 Book

Venue

Rajasthan International Centre
Sansthan Path,JLN Marg, Jaipur- 302017
Phone: +91-7230904025